WWE Pay-Per-View (PPV) Main Events - 2014 - Statistics

General Stats
  • This quiz has been taken 1,332 times
    691 since last reset
  • The average score is 19 of 22
Answer Stats
PPV Answer % Correct
Elimination Chamber, Money in the Bank, Battleground, SummerSlam, Night of Champions, Survivor Series John Cena
99%
Elimination Chamber, WrestleMania XXX, Payback, Money in the Bank, Battleground Randy Orton
98%
Payback, Hell in a Cell, Survivor Series Seth Rollins
98%
Royal Rumble, WrestleMania XXX, Payback Batista
97%
Payback, Money in the Bank, Battleground Roman Reigns
97%
Payback Triple H
97%
Elimination Chamber, WrestleMania XXX, Extreme Rules Daniel Bryan
96%
Payback, Hell in a Cell, TLC Dean Ambrose
96%
Extreme Rules, Money in the Bank, Battleground, Survivor Series Kane
94%
Survivor Series Dolph Ziggler
93%
Survivor Series The Big Show
93%
SummerSlam, Night of Champions Brock Lesnar
90%
Money in the Bank, TLC Bray Wyatt
84%
Survivor Series Luke Harper
83%
Survivor Series Mark Henry
83%
Survivor Series Ryback
82%
Survivor Series Erick Rowan
81%
Elimination Chamber, Money in the Bank Sheamus
80%
Survivor Series Rusev
74%
Money in the Bank Alberto Del Rio
68%
Elimination Chamber, Money in the Bank Cesaro
64%
Elimination Chamber Christian
54%
No matching quizzes found
Score Distribution
Percent of People with Each Score
Percentile by Number Answered
Your Score History
You have not taken this quiz since the last reset